How-to-do-it books : a selected guide.

Bibliographic Details
Main Author: Kingery, Robert E. (Robert Ernest), 1913-
Format: Book
Language:English
Published: New York : R. R. Bowker Co., 1954.
Edition:2d ed. rev.
Subjects:

MARC

Tag First Indicator Second Indicator Subfields
LEADER 00000cam a2200000 4500
001 in00000707521
005 20151016052300.0
008 750702s1954 nyu b 00000 eng u
010 |a  53013007  
035 |a (OCoLC)01425692 
035 |9 ADB5889AM 
040 |c NED  |d TXA  |d UtOrBLW 
049 |a TXAM  |c 1 [455670] 
050 0 |a Z7911  |b .K5 1954 
082 0 |a 016 
092 |a 790  |b A1K54h, 1954 
100 1 |a Kingery, Robert E.  |q (Robert Ernest),  |d 1913- 
245 1 0 |a How-to-do-it books :  |b a selected guide. 
250 |a 2d ed. rev. 
264 1 |a New York :  |b R. R. Bowker Co.,  |c 1954. 
300 |a xxv, 262 pages ;  |c 24 cm. 
336 |a text  |b txt  |2 rdacontent 
337 |a unmediated  |b n  |2 rdamedia 
338 |a volume  |b nc  |2 rdacarrier 
500 |a Classified, annotated, with index; priced 
650 0 |a Do-it-yourself work  |v Bibliography. 
650 0 |a Hobbies  |v Bibliography. 
949 |a updated  |b h  |c 2004/2/27  |e fpiscitelli  |f 12:27:36 pm 
999 |a MARS 
999 f f |s 3f30d2ad-dbe3-3369-80ce-902960cefe04  |i 75ccc45d-f243-3f1a-b364-5473b43e4645  |t 0 
952 f f |p ric  |a Texas A&M University  |b Rellis Campus  |c Joint Library Facility  |d Remote Storage  |t 0  |e Z7911 .K5 1954  |h Library of Congress classification  |i unmediated -- volume  |m A14842628548 
998 f f |a Z7911 .K5 1954  |t 0  |l Remote Storage